[Event "SVK-ch U16"]
[Site "Lubovna"]
[Date "2020.08.21"]
[Round "8"]
[White "Valko, Michal"]
[Black "Gyerpal, Adrian"]
[Result "0-1"]
[WhiteElo "1882"]
[BlackElo "2067"]
[PlyCount "44"]
[EventDate "2020.08.15"]
[EventType "swiss"]
[EventRounds "9"]
[EventCountry "SVK"]
[SourceTitle "EXT 2021"]
[Source "ChessBase"]
[SourceDate "2020.10.23"]
[SourceVersion "1"]
[SourceVersionDate "2020.10.23"]
[SourceQuality "1"]

1. e4 e5 2. Nf3 Nc6 3. Bb5 a6 4. Ba4 Nf6 5. 0-0 Be7 6. Re1 b5 7. Bb3 d6 8. c3 Na5 9. Bc2 c5 10. d4 Qc7 11. h3 Bd7 12. Nbd2 cxd4 13. cxd4 Rc8 14. Bb1 0-0 15. Nf1 Rfe8 16. Bg5 exd4 17. Nxd4 Nc4 18. Qe2 d5 19. exd5 Bb4 20. Ne3 Bxe1 21. Qxe1 Nxe3 22. Bxf6 Nxd5 0-1

[Event "SVK-ch U16"]
[Site "Lubovna"]
[Date "2020.08.20"]
[Round "7"]
[White "Valko, Michal"]
[Black "Sulgan, Igor"]
[Result "0-1"]
[WhiteElo "1882"]
[BlackElo "1877"]
[PlyCount "122"]
[EventDate "2020.08.15"]
[EventType "swiss"]
[EventRounds "9"]
[EventCountry "SVK"]
[SourceTitle "EXT 2021"]
[Source "ChessBase"]
[SourceDate "2020.10.23"]
[SourceVersion "1"]
[SourceVersionDate "2020.10.23"]
[SourceQuality "1"]

1. e4 c5 2. Nf3 Nc6 3. d4 cxd4 4. Nxd4 Nf6 5. Nc3 e5 6. Ndb5 d6 7. Bg5 a6 8. Na3 b5 9. Nd5 Be7 10. Bxf6 Bxf6 11. c3 0-0 12. Bd3 Bg5 13. Nc2 Kh8 14. a4 Rb8 15. axb5 axb5 16. Qe2 Bd7 17. Bxb5 Nd4 18. Nxd4 exd4 19. Bxd7 Qxd7 20. cxd4 f5 21. 0-0 fxe4 22. Rfb1 Qc6 23. Ne3 Rb4 24. Ra6 Qc7 25. Nd5 Qc4 26. Qxc4 Rxc4 27. Ne3 Rxd4 28. Nf5 Rd5 29. Nxd6 e3 30. fxe3 Bxe3+ 31. Kh1 Kg8 32. b4 Rd8 33. h3 R5xd6 34. Rxd6 Rxd6 35. b5 Kf7 36. Kh2 Bf4+ 37. Kg1 Be3+ 38. Kh2 Ke7 39. Kg3 Kd7 40. Kf3 Bd4 41. Ke4 Kc7 42. Rc1+ Kb7 43. Rf1 Bf6 44. Rb1 Kb6 45. Kf3 Rd5 46. Kf2 Rxb5 47. Rc1 Rc5 48. Rd1 Kc6 49. Kf3 Rd5 50. Rc1+ Kd6 51. Kf2 Ke6 52. Kg1 Bh4 53. g4 Rd2 54. Rc6+ Kd5 55. Rc7 Bf2+ 56. Kf1 Bd4 57. Rf7 Rh2 58. Rf3 Ke4 59. Rb3 Be3 60. Rb7 Kf3 61. Rf7+ Bf4 0-1

[Event "SVK-chT1E 1920"]
[Site "Slovakia"]
[Date "2019.11.10"]
[Round "4.8"]
[White "Valko, Michal"]
[Black "Sosovickova, Jana"]
[Result "1/2-1/2"]
[WhiteElo "1898"]
[BlackElo "1716"]
[PlyCount "54"]
[EventDate "2019.10.12"]
[EventType "team-tourn"]
[EventRounds "11"]
[EventCountry "SVK"]
[SourceTitle "CBM 193 Extra"]
[Source "ChessBase"]
[SourceDate "2020.01.31"]
[SourceVersion "1"]
[SourceVersionDate "2020.01.31"]
[SourceQuality "1"]
[WhiteTeam "Humenne Reinter II"]
[BlackTeam "Kysucke Nove Mesto"]
[WhiteTeamCountry "SVK"]
[BlackTeamCountry "SVK"]

1. e4 e5 2. Nf3 Nc6 3. d4 exd4 4. Nxd4 Nf6 5. Nxc6 bxc6 6. Qe2 Be7 7. Nc3 Bb7 8. Bf4 0-0 9. 0-0-0 Re8 10. Qd2 Bb4 11. f3 d5 12. e5 Nd7 13. Bg5 Qc8 14. f4 Nc5 15. Qd4 a5 16. a3 Ne6 17. Qd3 Bxc3 18. Qxc3 Nxg5 19. fxg5 Qf5 20. h4 Qxe5 21. Rh3 Qxc3 22. Rxc3 Re4 23. Rb3 Bc8 24. g3 Bg4 25. Bd3 Re5 26. Rf1 Bc8 27. Kd2 Re8 1/2-1/2

[Event "SVK-ch U16"]
[Site "Liptovsky Mikulas"]
[Date "2019.04.27"]
[Round "6"]
[White "Valko, Michal"]
[Black "Holly, Andrej"]
[Result "1/2-1/2"]
[WhiteElo "1680"]
[BlackElo "2101"]
[PlyCount "128"]
[EventDate "2019.04.23"]
[EventType "swiss"]
[EventRounds "9"]
[EventCountry "SVK"]
[SourceTitle "CBM 190 Extra"]
[Source "ChessBase"]
[SourceDate "2019.07.15"]
[SourceVersion "1"]
[SourceVersionDate "2019.07.15"]
[SourceQuality "1"]

1. e4 c5 2. Nf3 g6 3. d4 cxd4 4. Nxd4 Nf6 5. Nc3 Bg7 6. Be3 Nc6 7. Bc4 0-0 8. Bb3 d6 9. f3 Bd7 10. Qd2 Nxd4 11. Bxd4 b5 12. h4 a5 13. h5 a4 14. Bd5 Rb8 15. hxg6 e6 16. gxh7+ Kh8 17. 0-0-0 b4 18. Bc4 Qc7 19. Bd3 bxc3 20. Qxc3 Qxc3 21. Bxc3 Rfc8 22. a3 Ne8 23. Bb4 Bb5 24. Rh5 Be5 25. Kb1 Bxd3 26. Rxd3 Nf6 27. Rh1 Kg7 28. c3 Rc6 29. Rhd1 d5 30. exd5 Nxd5 31. Rh1 Rh8 32. Rh5 Nf4 33. Rg5+ Kh6 34. Rxe5 Nxd3 35. Ra5 Nxb4 36. axb4 Kxh7 37. Rxa4 Kg7 38. b5 Rc5 39. Rg4+ Kf6 40. c4 Rhc8 41. b3 Ke5 42. Re4+ Kd6 43. Rd4+ Kc7 44. Kb2 Rg5 45. g4 Re5 46. f4 Re2+ 47. Kc3 Rd8 48. b6+ Kxb6 49. Rxd8 Re3+ 50. Kd4 Rg3 51. g5 Kc7 52. Rf8 Rxb3 53. Rxf7+ Kd6 54. Rf6 Rg3 55. c5+ Ke7 56. c6 Rg1 57. Kc5 Rc1+ 58. Kb6 Kd6 59. Kb5 Rc5+ 60. Kb4 Rxc6 61. f5 Ke5 62. Kb5 Rd6 63. Kc5 Rd5+ 64. Kc6 exf5 1/2-1/2

[Event "SVK-ch U16"]
[Site "Liptovsky Mikulas"]
[Date "2019.04.26"]
[Round "5"]
[White "Gyerpal, Adrian"]
[Black "Valko, Michal"]
[Result "0-1"]
[WhiteElo "2040"]
[BlackElo "1680"]
[PlyCount "108"]
[EventDate "2019.04.23"]
[EventType "swiss"]
[EventRounds "9"]
[EventCountry "SVK"]
[SourceTitle "CBM 190 Extra"]
[Source "ChessBase"]
[SourceDate "2019.07.15"]
[SourceVersion "1"]
[SourceVersionDate "2019.07.15"]
[SourceQuality "1"]

1. d4 d5 2. c4 Nc6 3. Nf3 Bg4 4. cxd5 Bxf3 5. dxc6 Bxc6 6. Nc3 Nf6 7. e3 e6 8. Qb3 Qd7 9. f3 Be7 10. Be2 0-0-0 11. Qc2 Nd5 12. a3 Bh4+ 13. g3 Bg5 14. Qd3 Nxc3 15. bxc3 e5 16. Kf2 Rhe8 17. Qc2 exd4 18. exd4 Bf6 19. Kg2 h5 20. Bd3 Kb8 21. Rb1 Qd5 22. Rf1 Re1 23. Bf4 Rxf1 24. Rxf1 Re8 25. Rf2 g5 26. Be4 Qe6 27. Bd2 h4 28. Bxc6 Qxc6 29. Qf5 hxg3 30. hxg3 Qe6 31. Qe4 Bd8 32. Re2 Qxe4 33. fxe4 Kc8 34. Kf3 Kd7 35. Kg4 f6 36. Kf5 c5 37. e5 fxe5 38. dxe5 Rf8+ 39. Kg4 Ke6 40. c4 Rf5 41. Bc3 Bc7 42. Re3 Bxe5 43. Kh5 g4+ 44. Kxg4 Kf6 45. Bxe5+ Rxe5 46. Rxe5 Kxe5 47. Kh5 b5 48. g4 bxc4 49. g5 c3 50. g6 c2 51. g7 c1Q 52. g8Q Qh1+ 53. Kg6 Qg2+ 54. Kf7 Qxg8+ 0-1

[Event "SVK-ch U16"]
[Site "Liptovsky Mikulas"]
[Date "2019.04.25"]
[Round "4"]
[White "Valko, Michal"]
[Black "Minarik, Jozef"]
[Result "1-0"]
[WhiteElo "1680"]
[BlackElo "1627"]
[PlyCount "65"]
[EventDate "2019.04.23"]
[EventType "swiss"]
[EventRounds "9"]
[EventCountry "SVK"]
[SourceTitle "CBM 190 Extra"]
[Source "ChessBase"]
[SourceDate "2019.07.15"]
[SourceVersion "1"]
[SourceVersionDate "2019.07.15"]
[SourceQuality "1"]

1. e4 c5 2. Nf3 d6 3. d4 cxd4 4. Nxd4 Nf6 5. Nc3 Nc6 6. Bc4 g6 7. 0-0 Bg7 8. Re1 0-0 9. Bb3 Na5 10. Bg5 Nxb3 11. axb3 a6 12. Nd5 e6 13. Nc3 Qc7 14. Qd3 b5 15. Ndxb5 Qc6 16. Qxd6 Bb7 17. Qxc6 Bxc6 18. Nd6 Rfd8 19. e5 Nd5 20. Bxd8 Rxd8 21. Rxa6 Bxe5 22. Rxc6 Bxd6 23. Nxd5 exd5 24. g3 Kf8 25. Re3 h5 26. Rd3 Be5 27. Rc5 Bxb2 28. Rcxd5 Re8 29. Rd8 f6 30. Rxe8+ Kxe8 31. b4 Be5 32. Re3 Kd7 33. Rxe5 1-0

[Event "SVK-ch U16"]
[Site "Liptovsky Mikulas"]
[Date "2019.04.24"]
[Round "3"]
[White "Bajnok, Robert"]
[Black "Valko, Michal"]
[Result "0-1"]
[WhiteElo "1418"]
[BlackElo "1680"]
[PlyCount "66"]
[EventDate "2019.04.23"]
[EventType "swiss"]
[EventRounds "9"]
[EventCountry "SVK"]
[SourceTitle "CBM 190 Extra"]
[Source "ChessBase"]
[SourceDate "2019.07.15"]
[SourceVersion "1"]
[SourceVersionDate "2019.07.15"]
[SourceQuality "1"]

1. e4 c5 2. Nf3 Nc6 3. d4 cxd4 4. Nxd4 g6 5. Nc3 Bg7 6. Be3 Nf6 7. Be2 0-0 8. 0-0 d5 9. Nxc6 bxc6 10. e5 Nd7 11. f4 Qc7 12. Qd2 Rb8 13. Bd4 e6 14. Qe3 c5 15. Nxd5 exd5 16. Qc3 Qb6 17. Bf2 Ba6 18. Bxa6 Qxa6 19. Qa3 Qxa3 20. bxa3 Rb5 21. Rab1 Rfb8 22. Rb3 c4 23. Rxb5 Rxb5 24. Rd1 Nf8 25. Bd4 Ne6 26. g3 Nxd4 27. Rxd4 Kf8 28. c3 Ke7 29. Kf2 Ke6 30. Kf3 Bf8 31. g4 Rb2 32. h4 Rxa2 33. Rd1 Rxa3 0-1

[Event "SVK-ch U16"]
[Site "Liptovsky Mikulas"]
[Date "2019.04.24"]
[Round "2"]
[White "Valko, Michal"]
[Black "Kossuth, Tomas"]
[Result "1/2-1/2"]
[WhiteElo "1680"]
[BlackElo "1563"]
[PlyCount "74"]
[EventDate "2019.04.23"]
[EventType "swiss"]
[EventRounds "9"]
[EventCountry "SVK"]
[SourceTitle "CBM 190 Extra"]
[Source "ChessBase"]
[SourceDate "2019.07.15"]
[SourceVersion "1"]
[SourceVersionDate "2019.07.15"]
[SourceQuality "1"]

1. e4 e5 2. Nf3 Nc6 3. Bb5 Nf6 4. 0-0 d6 5. d4 exd4 6. Nxd4 Bd7 7. Bxc6 Bxc6 8. Nxc6 bxc6 9. Nc3 Be7 10. Re1 0-0 11. Bf4 Rb8 12. b3 Nd7 13. Qf3 Bf6 14. Rad1 Ne5 15. Bxe5 Bxe5 16. Ne2 Qf6 17. Qxf6 Bxf6 18. Nd4 Bxd4 19. Rxd4 f6 20. f3 a5 21. Kf2 Rb4 22. Red1 Kf7 23. Ke3 Re8 24. a4 c5 25. Rxb4 cxb4 26. Rd5 Re5 27. Kd4 Ke6 28. Rxe5+ fxe5+ 29. Kc4 c6 30. g3 g5 31. Kd3 d5 32. Ke3 c5 33. Kd3 Kd6 34. exd5 Kxd5 35. h3 h5 36. g4 h4 37. c3 bxc3 1/2-1/2

[Event "SVK-ch U14"]
[Site "Liptovsky Mikulas"]
[Date "2018.04.26"]
[Round "8"]
[White "Valko, Michal"]
[Black "Kuzma, Samuel"]
[Result "1-0"]
[WhiteElo "1558"]
[BlackElo "1253"]
[PlyCount "41"]
[EventDate "2018.04.21"]
[EventType "swiss"]
[EventRounds "9"]
[EventCountry "SVK"]
[SourceTitle "CBM 184 Extra"]
[Source "ChessBase"]
[SourceDate "2018.06.28"]
[SourceVersion "1"]
[SourceVersionDate "2018.06.28"]
[SourceQuality "1"]

1. e4 c5 2. Nf3 Nc6 3. d4 cxd4 4. Nxd4 g6 5. Nc3 Bg7 6. Nxc6 bxc6 7. Bc4 d6 8. Qf3 Nf6 9. Bg5 0-0 10. h4 Be6 11. Bb3 Qa5 12. 0-0 Qe5 13. Qf4 Qxf4 14. Bxf4 Bd7 15. Rad1 Rfb8 16. e5 dxe5 17. Bxe5 Bf5 18. Bxb8 Rxb8 19. Rfe1 e6 20. f3 h5 21. Ne4 1-0

[Event "SVK-ch U14"]
[Site "Liptovsky Mikulas"]
[Date "2018.04.23"]
[Round "4"]
[White "Valko, Michal"]
[Black "Sobek, Michal"]
[Result "0-1"]
[WhiteElo "1558"]
[BlackElo "2022"]
[PlyCount "76"]
[EventDate "2018.04.21"]
[EventType "swiss"]
[EventRounds "9"]
[EventCountry "SVK"]
[SourceTitle "CBM 184 Extra"]
[Source "ChessBase"]
[SourceDate "2018.06.28"]
[SourceVersion "1"]
[SourceVersionDate "2018.06.28"]
[SourceQuality "1"]

1. e4 c5 2. Nf3 Nc6 3. d4 cxd4 4. Nxd4 g6 5. c4 Nf6 6. Nc3 d6 7. Be2 Bg7 8. Be3 0-0 9. 0-0 Nxd4 10. Bxd4 Nd7 11. Bxg7 Kxg7 12. Qd4+ Kg8 13. Rad1 b6 14. f4 Rb8 15. Kh1 Re8 16. f5 Ne5 17. Nd5 Bb7 18. f6 Bxd5 19. fxe7 Qxe7 20. cxd5 Rbc8 21. Bb5 Red8 22. Rc1 Rc5 23. Rxc5 bxc5 24. Qf2 Rb8 25. Ba6 Rb6 26. Qe2 Qg5 27. b3 Rb4 28. Bc4 Rb7 29. Ba6 Rb4 30. Bc4 Qe7 31. h3 Rb8 32. Qf2 Kg7 33. Qf4 Nxc4 34. bxc4 Rb4 35. Rc1 Qf6 36. g3 Rb2 37. Rd1 g5 38. Qc1 Qf3+ 0-1

[Event "SVK-ch U14"]
[Site "Liptovsky Mikulas"]
[Date "2018.04.21"]
[Round "1"]
[White "Marcin, Richard"]
[Black "Valko, Michal"]
[Result "0-1"]
[WhiteElo "1087"]
[BlackElo "1558"]
[PlyCount "80"]
[EventDate "2018.04.21"]
[EventType "swiss"]
[EventRounds "9"]
[EventCountry "SVK"]
[SourceTitle "CBM 184 Extra"]
[Source "ChessBase"]
[SourceDate "2018.06.28"]
[SourceVersion "1"]
[SourceVersionDate "2018.06.28"]
[SourceQuality "1"]

1. e4 e6 2. d4 d5 3. exd5 exd5 4. Nf3 Nf6 5. Bd2 Bg4 6. h3 Qe7+ 7. Qe2 Bxf3 8. gxf3 Nc6 9. Qe3 Nxd4 10. Qxe7+ Bxe7 11. Na3 Bxa3 12. Bd3 Nxf3+ 13. Kd1 Bxb2 14. Rb1 Bd4 15. Rxb7 Bb6 16. Ke2 Nxd2 17. Kxd2 0-0-0 18. Ba6 Ne4+ 19. Ke2 Nc5 20. Rxb6+ Nxa6 21. Rxa6 Rhe8+ 22. Kf3 Kb7 23. Ra4 Rd6 24. Rb1+ Rb6 25. Rxb6+ axb6 26. Rf4 f6 27. Rh4 h6 28. Rh5 Re5 29. Rh4 h5 30. Rb4 c5 31. Rb3 Re4 32. Re3 Rxe3+ 33. fxe3 Kc6 34. Kf4 g6 35. h4 b5 36. Kf3 c4 37. Ke2 g5 38. Kf2 Kc5 39. a3 b4 40. a4 b3 0-1

[Event "SVK-chT2D 1718"]
[Site "Slovakia"]
[Date "2017.11.26"]
[Round "4.8"]
[White "Valko, Michal"]
[Black "Antal, Jakub"]
[Result "0-1"]
[WhiteElo "1550"]
[BlackElo "1837"]
[PlyCount "64"]
[EventDate "2017.10.28"]
[EventType "team-tourn"]
[EventRounds "11"]
[EventCountry "SVK"]
[SourceTitle "EXT 2019"]
[Source "ChessBase"]
[SourceDate "2018.10.10"]
[SourceVersion "1"]
[SourceVersionDate "2018.10.10"]
[SourceQuality "1"]
[WhiteTeam "Humenne Reinter"]
[BlackTeam "Kosice Slavia TU IV"]
[WhiteTeamCountry "SVK"]
[BlackTeamCountry "SVK"]

1. d4 Nf6 2. Bf4 g6 3. Nf3 Bg7 4. e3 0-0 5. Nbd2 d6 6. Be2 Nbd7 7. h3 Re8 8. 0-0 e5 9. Bh2 b6 10. a4 a5 11. c3 Bb7 12. b4 Nd5 13. Qb3 exd4 14. bxa5 Nc5 15. Qc2 dxe3 16. Nc4 exf2+ 17. Kxf2 Nxc3 18. Bd3 Bxf3 19. Kxf3 d5 20. Ne5 Bxe5 21. Bxe5 Rxe5 22. Qxc3 Qf6+ 23. Kg4 Rg5+ 24. Kh4 Rh5+ 25. Kg4 Qxc3 26. axb6 cxb6 27. a5 Qd4+ 28. Rf4 Rh4+ 29. Kxh4 Qxf4+ 30. g4 Qf2+ 31. Kg5 f6+ 32. Kh6 Qh4# 0-1

[Event "Oravska Priehrada op"]
[Site "Namestovo"]
[Date "2017.08.27"]
[Round "5"]
[White "Kandalec, Stefan"]
[Black "Valko, Michal"]
[Result "1-0"]
[WhiteElo "1688"]
[BlackElo "1433"]
[PlyCount "49"]
[EventDate "2017.08.25"]
[EventType "swiss"]
[EventRounds "7"]
[EventCountry "SVK"]
[SourceTitle "CBM 180 Extra"]
[Source "ChessBase"]
[SourceDate "2017.10.06"]
[SourceVersion "1"]
[SourceVersionDate "2017.10.06"]
[SourceQuality "1"]

1. e4 e6 2. d4 d5 3. e5 c5 4. c3 Qb6 5. Be2 Bd7 6. Nf3 Bb5 7. 0-0 Bxe2 8. Qxe2 Qa6 9. Qc2 Nd7 10. Be3 Ne7 11. Nbd2 Nc6 12. a3 c4 13. Ng5 h6 14. Nh3 Be7 15. f4 0-0 16. f5 b5 17. Rf3 exf5 18. Qxf5 Qc8 19. Rg3 Kh8 20. Qh5 Kh7 21. Nf3 Nd8 22. Nfg5+ Bxg5 23. Nxg5+ Kg8 24. Nh3 Kh7 25. Bxh6 1-0